Derecho Penal y Redes Sociales (Registro nro. 5993)
[ vista simple ]
| 000 -Cabecera | |
|---|---|
| Campo de control de longitud fija | 01106ata a2200385 4500 |
| 005 - Fecha y hora de la última transacción | |
| Campo de control | 20250819163346.0 |
| 008 - Elementos de longitud fija--Información general | |
| Campo de control de longitud fija | 150526b xxu||||| |||| 00| 0 spa d |
| 020 ## - International Standard Book Number | |
| Número Internacional Estándar del Libro (ISBN) | 9788490983249 |
| 041 ## - Idioma | |
| Código de idioma | Español |
| 082 ## - Clasificación Decimal Dewey | |
| Número de clasificación | 345.026.8 A454d |
| 100 ## - Entrada principal--Autor personal | |
| Nombre personal | Alonso García, Javier |
| 9 (RLIN) | 41187 |
| 245 ## - Título propiamente dicho | |
| Título | Derecho Penal y Redes Sociales |
| 260 ## - Pie de imprenta | |
| Lugar de publicación, distribución, etc. | España |
| 260 ## - Pie de imprenta | |
| Nombre del editor, distribuidor, etc. | Thomson Reuters |
| 260 ## - Pie de imprenta | |
| Fecha de publicación, distribución, etc. | 2015 |
| 300 ## - Descripción física | |
| Extensión | 575 páginas |
| 490 ## - Serie | |
| Título de la Serie | Investigación Criminal |
| 650 ## - Materia general | |
| Temática (materia general) | DERECHO PENAL |
| 650 ## - Materia general | |
| Temática (materia general) | REDES SOCIALES |
| 650 ## - Materia general | |
| Temática (materia general) | RESPONSABILIDAD PENAL |
| 650 ## - Materia general | |
| Temática (materia general) | DELITOS |
| 650 ## - Materia general | |
| Temática (materia general) | INTEGRIDAD MORAL |
| 650 ## - Materia general | |
| Temática (materia general) | INTEGRIDAD SEXUAL |
| 650 ## - Materia general | |
| Temática (materia general) | ACOSO SEXUAL |
| 650 ## - Materia general | |
| Temática (materia general) | INDEMNIDAD SEXUAL |
| 650 ## - Materia general | |
| Temática (materia general) | PORNOGRAFÍA INFANTIL |
| 650 ## - Materia general | |
| Temática (materia general) | DELITOS CONTRA LA INTIMIDAD |
| 650 ## - Materia general | |
| Temática (materia general) | DELITOS CONTRA EL HONOR |
| 650 ## - Materia general | |
| Temática (materia general) | DELITOS CONTRA EL PATRIMONIO |
| 650 ## - Materia general | |
| Temática (materia general) | DELITOS CONTRA EL ORDEN SOCIOECONÓMICO |
| 650 ## - Materia general | |
| Temática (materia general) | DELITOS DE FALSEDADES |
| 650 ## - Materia general | |
| Temática (materia general) | DELITOS CONTRA EL ORDEN PÚBLICO |
| 650 ## - Materia general | |
| Temática (materia general) | DELITOS CONTRA LA ADMINISTRACIÓN DE JUSTICIA |
| 942 ## - Punto de acceso adicional KOHA | |
| Tipo de ítem KOHA | Libro |
| Fuente del sistema de clasificación o colocación | Dewey Decimal Classification |
| Signatura completa | Código de barras | Programa Académico | Tipo de ítem |
|---|---|---|---|
| 345.026.8 A454d | 21651 | Investigación Criminal | Libro |